Loading...
Literature - British Literature | 0 | 8 | 0 | 1 | 80 | 71 | 104.50 | 1 | 2 |
Literature - World/Other Literature | 0 | 7 | 0 | 1 | 70 | 61 | 104.57 | 1 | 5 |
Literature - American Literature | 0 | 5 | 0 | 0 | 50 | 73 | 82.40 | 1 | 4 |
Fine Arts - Visual Fine Arts | 0 | 4 | 0 | 2 | 40 | 100 | 115.75 | 0 | 1 |
Literature - European Literature | 0 | 3 | 0 | 1 | 30 | 80 | 111.00 | 0 | 1 |
Philosophy | 0 | 2 | 0 | 1 | 20 | 93 | 98.00 | 1 | 2 |
Religion | 0 | 1 | 0 | 0 | 10 | 110 | 110.00 | 0 | 0 |
Fine Arts - Classical Music | 0 | 1 | 1 | 0 | 5 | 73 | 73.00 | 0 | 1 |
Geography/Current Events | 0 | 1 | 1 | 1 | 5 | 91 | 91.00 | 0 | 0 |
Other Academic | 0 | 0 | 1 | 0 | -5 | 0.00 | 0 | 0 | |
Science - Other Science | 0 | 0 | 1 | 0 | -5 | 0.00 | 0 | 0 | |
Fine Arts - Other Fine Arts | 0 | 1 | 5 | 1 | -15 | 151 | 151.00 | 0 | 0 |